Biggest Roblox Groups Quiz - Statistics

General Stats
  • This quiz has been taken 11 times
  • The average score is 4 of 10
Answer Stats
Members Answer % Correct
4,032,000 Roblox
83%
6,842,000 The Flamingo Fan Club
67%
5,295,000 16bitplay Games
33%
8,530,000 Bee Swarm Simulator Club
33%
4,875,000 Chillz Studios
33%
7,123,000 Dreamcraft
33%
5,689,000 Roblox High School: Fan Club
33%
5,605,000 Rumble Studios
33%
7,903,000 Scriptbloxian Studios
33%
3,469,000 Nosniy Games
17%
No matching quizzes found
Score Distribution
Percent of People with Each Score
Percentile by Number Answered
Your Score History
You have not taken this quiz